| 000 | 00866cab a2200205 4500 | ||
|---|---|---|---|
| 001 | ABS38808 | ||
| 008 | 090401t1988 xxu||||| |||| 00| 0 eng d | ||
| 035 | _a(Sirsi) u12485 | ||
| 041 | _aeng | ||
| 100 | _aSheehan, A.M. | ||
| 245 | _aSharing the costs of repairs | ||
| 260 | _c1988 | ||
| 350 | _a0 | ||
| 490 |
_aBuilding Today _v195(5739) 21 January 1988, 28(1) |
||
| 520 | _aReviews the alternative put forward by the Law Commission to replace leasehold tenure of flats and maisonettes with a form of freehold ownership called commonhold . Describes potential arrangements for maintenance and repair under the system. (Freehold flats- and freehold ownership of other interdependent buildings, Cm. 179 is available on loan from the Library). | ||
| 650 | _aSTRATA TITLE | ||
| 690 | _aLANDLORD AND TENANT-LEASEHOLD REFORM | ||
| 942 | _n0 | ||
| 948 | _c04/03/1997 | ||
| 999 |
_c7979 _d7979 |
||